Loading...
| Current Events | 3 | 16.67 | 100% | 67% | 0% |
| Fine Arts - Classical Music | 4 | 12.50 | 100% | 0% | 25% |
| Fine Arts - Other | 4 | 22.50 | 100% | 100% | 25% |
| Fine Arts - Painting and Sculpture | 5 | 12.00 | 60% | 40% | 20% |
| Geography | 2 | 15.00 | 50% | 50% | 50% |
| History - American | 1 | 10.00 | 100% | 0% | 0% |
| History - European | 5 | 16.00 | 80% | 60% | 20% |
| History - Other | 4 | 15.00 | 100% | 50% | 0% |
| History - World | 4 | 15.00 | 100% | 50% | 0% |
| Literature - American | 3 | 13.33 | 100% | 0% | 33% |
| Literature - British | 7 | 12.86 | 100% | 29% | 0% |
| Literature - European | 4 | 12.50 | 100% | 25% | 0% |
| Literature - World | 3 | 6.67 | 67% | 0% | 0% |
| Mythology | 4 | 10.00 | 100% | 0% | 0% |
| Philosophy | 2 | 20.00 | 100% | 100% | 0% |
| Popular Culture | 3 | 20.00 | 100% | 67% | 33% |
| Religion | 4 | 10.00 | 75% | 25% | 0% |
| Science - Biology | 5 | 12.00 | 100% | 20% | 0% |
| Science - Chemistry | 4 | 10.00 | 100% | 0% | 0% |
| Science - Other | 4 | 12.50 | 75% | 25% | 25% |
| Science - Physics | 3 | 23.33 | 100% | 100% | 33% |
| Social Science | 4 | 7.50 | 75% | 0% | 0% |